1472 1775 1898 1144 1542 1800 1930 1154 1240 1722 1389 1306 1286 1435 1191 1460 1903 1309 1772 1393 1650 1545 1171 1969 1685 1368 1890 1480 1806 1952 1888 1661 1647 1591 1425 1732 1175 1655 1976 1759 1314 1735 1802 1379 1130 1605 1743 1809 1235 1808 1383 1735 1817 1906 1013 1453 1791 1531 1403 1200 1240 1551 1070 1373 1759 1967 1720 1701 1091 1328 1270 1431 1970 1654 1871 1907 1658 1094 1818 1034 1648 1718 1702 1904 1024 1898 1013 1356 1290 1357 1863 1272 1721 1249 1835 1114 1284 1851 1251 BCNSPRNW ULIB Ver.6.0+V

เปลี่ยนเป็นภาษาไทย

Change to English
 แสดงรายละเอียดบรรณานุกรม
  กลับหน้าหลัก

Brief Record : Get Marc (ISO 2709) : E-mail record : QR code < ปิดหน้าต่าง
LEADER : 00000nam 2200000uu 4500
001    13399108040
003     ULIB
008    110215s2551||||th 000 0 tha d
020    9749943481
050  4 H62^bส181อ 2551
110 1  มหาวิทยาลัยสุโขทัยธรรมาธิราช^bสถาบันวิจัยและพัฒนา
245 00 เอกสารการเรียนรู้การทำวิจัยด้วยตนเอง/^cกัญจนา ลินทรัตนศิริกุลและคณะ
250    พิมพ์ครั้งที่ 2
260    นนทบุรี:^bมหาวิทยาลัยสุโขทัยธรรมาธิราช,^c2551
300    595 หน้า
650  7 วิจัย
650  7 สังคมศาสตร์^xวิจัย
700 1  ภัทรฤดี สุพัฒโสภณ
945    ^p0^l0^i028803
945    ^p0^l0^i028801
945    ^p0^l0^i028802
995    ทศพร
999 ^a ใช้งานได้ทุกระบบ
รายการนี้ยังไม่มีแท็ก
คุณยังไม่ได้ล็อกอิน คุณสามารถมีกิจกรรมร่วมกับเว็บไซต์ได้ แต่ต้องล็อกอินก่อน ::
  ล็อกอิน

รายการสื่อสารสนเทศ

ลำดับที่ ประเภท เลขเรียก/บาร์โค้ด สถานที่ สถานะ
- ไม่พบข้อมูล -

รายการใกล้เคียง
    หัวเรื่อง [วิจัย]

BibComment


ยังไม่เคยถูกคอมเมนท์

คอมเมนท์ทรัพยากรรายการนี้
  คอมเมนท์: เอกสารการเรียนรู้..


 Copyright 2026. Bcnsprnw @Library